000 00801nam a2200193Ii 4500
003 JO-AjNU
008 230605s9999||||xx |||||||||||||| ||und||
040 _aJO-AjNU
_bara
_erda
_cJO-AjNU
041 _aara
050 1 4 _aPJ6065.I27 1996
100 3 _aتاليف محمد عطا، ابراهيم,
_eauthor
_940495
245 0 0 _aطرق تدريس اللغة العربية والتربية الدينية، ج2
264 3 1 _aالقاهرة: مكتبة النهضة المصرية، 1996
300 _aج2، 232ص
336 _atext
_btxt
_2rdacontent
337 _aunmediated
_bn
_2rdamedia
338 _avolume
_bnc
_2rdacarrier
650 4 _aاللغة العربية-اللغة-طرق تدريس اللغة العربية والتربية الدينية-تعليم-تربية اسلامية
_940496
999 _aA17190
_c20758
_d20758